Identidad cultural y religiosidad popular / (Registro nro. 7930)

Detalles MARC
000 -LIDER
fixed length control field 02742nam a2200421 a 4500
001 - NÚMERO DE CONTROL
Identificador de número de control 000022440
003 - IDENTIFICACDOR DE NÚMERO DE CONTROL
control field DO-SdBNP
005 - DATE AND TIME OF LATEST TRANSACTION
control field 20170925103120.0
007 - CAMPOS FIJOS DE DESCRIPCIÓN FÍSICA
fixed length control field 000022440
008 - ELEMENTOS DE LONGITUD FIJA
fixed length control field 090702s2007 dr c 001 0 spa d
020 ## - ISBN
International Standard Book Number 8493063827
040 ## - FUENTE DE CATALOGACIÓN
Agencia que crea de manera original el registro BPMSU
Idioma de catalogación spa
Agencia que realiza la transcripción BPMSU
082 #4 - NÚMERO DE CLASIFICACIÓN DECIMAL DE DEWEY
Classification number 305.8097293
Item number A577i, 2007
100 1# - ASIENTO PRINCIPAL -- NOMBRE PERSONAL
Nombre personal Andújar, Carlos,
Fechas asociadas con el nombre 1956-
245 10 - MENCIÓN DE TITULO
Título Identidad cultural y religiosidad popular /
Mención de responsabilidad Carlos Andújar ; prólogo Marcio Veloz Maggiolo.
260 ## - PUBLICACIÓN, DISTRIBUCIÓN, ETC. (PIE DE IMPRENTA)
Lugar de publicación, distribución, etc Santo Domingo :
Nombre del editor, distribuidor, etc. Letra Gráfica Breve,
Fecha de publicación, distribución, etc 2007
300 ## - DESCRIPCIÓN FÍSICA
Extensión 238 p. :
Otros detalles físicos retr. ;
Dimensiones 22 cm.
504 ## - NOTA DE BIBLIOGRAFÍA, ETC.
Bibliography, etc Incluye referencias bibliográficas y notas al pie de las páginas.
505 0# - NOTA DE CONTENIDO
Título Prólogo /
Mención de responsabilidad Marcio Veloz Maggiolo --
Título Presentación --
-- La identidad cultural dominicana --
-- El proceso de conformación de la identidad cultural dominicana --
-- Las relaciones étnico-raciales en la República Dominicana --
-- Las problemática de la identidad cultural caribeña --
-- El mulataje una categoría bio-cultural --
-- Algunas consideraciones en torno al eje sobre la identidad cultural dominicana --
-- Perfil cultural dominicano y calidad de la producción --
-- El sincretismo cultural domínico-haitiano --
-- La cultura en la época de la globalización --
-- Racismo y política en República Dominicana --
-- La identidad cultural dominicana y sus fantasmas --
-- Notas sobre el folklore --
-- La religiosidad popular --
-- Las características de la religiosidad popular dominicana --
-- Religiosidad popular e identidad cultural dominicana --
-- El culto al Barón del cementerio y el vudú dominicano --
-- Sexualidad y religiosidad popular en los bateyes de República Dominicana --
-- El bando de palo, ceremonia de culto a los muertos en la República Dominicana --
-- Simbología y representación escénica del gagá.
650 #4 - ENCABEZAMIENTO DE MATERIA--TEMÁTICO
Término temático o nombre geográfico como elemento de entrada IDENTIDAD CULTURAL
Subdivisión geográfica REPÚBLICA DOMINICANA
650 #4 - ENCABEZAMIENTO DE MATERIA--TEMÁTICO
Término temático o nombre geográfico como elemento de entrada ETNICIDAD
Subdivisión geográfica REPÚBLICA DOMINICANA
651 #4 - ENCABEZAMIENTO DE MATERIA--NOMBRE GEOGRÁFICO
Nombre geográfico REPÚBLICA DOMINICANA
Subdivisión temática general CIVILIZACIÓN
651 #4 - ENCABEZAMIENTO DE MATERIA--NOMBRE GEOGRÁFICO
Nombre geográfico REPÚBLICA DOMINICANA
Subdivisión temática general RELACIONES RACIALES
651 #4 - ENCABEZAMIENTO DE MATERIA--NOMBRE GEOGRÁFICO
Nombre geográfico REPÚBLICA DOMINICANA
Subdivisión temática general RELIGIÓN
651 #4 - ENCABEZAMIENTO DE MATERIA--NOMBRE GEOGRÁFICO
Nombre geográfico REPÚBLICA DOMINICANA
Subdivisión temática general VIDA SOCIAL Y COSTUMBRES
700 1# - ASIENTO SECUNDARIO -- NOMBRE PERSONAL
Nombre personal Veloz Maggiolo, Marcio,
Fechas asociadas con el nombre 1936-
Mención de responsabilidad pról.
910 ## - VALIDACIÓN
Validación Validado. Control de calidad BNPHU.
930 #1 - EQUIVALENCE OR CROSS-REFERENCE-UNIFORM TITLE HEADING [LOCAL, CANADA]
Language of a work BND01
Medium of performance for music LF1
Field link and sequence number 20130520
Date of a work 01
Name of part/section of a work OI
Miscellaneous information 37027
930 #1 - EQUIVALENCE OR CROSS-REFERENCE-UNIFORM TITLE HEADING [LOCAL, CANADA]
Language of a work BND01
Medium of performance for music LF1
Medium 305.8097293
Field link and sequence number 20101206
Date of a work 04
Name of part/section of a work HD
Miscellaneous information 14788
Medium e. 3
930 #1 - EQUIVALENCE OR CROSS-REFERENCE-UNIFORM TITLE HEADING [LOCAL, CANADA]
Language of a work BND01
Medium of performance for music LF1
Medium 305.8097293
Field link and sequence number 20121008
Date of a work 04
Name of part/section of a work HD
Miscellaneous information 34716
Medium e. 4
930 #1 - EQUIVALENCE OR CROSS-REFERENCE-UNIFORM TITLE HEADING [LOCAL, CANADA]
Language of a work BND01
Medium of performance for music LF1
Medium 305.8097293
Field link and sequence number 20101011
Date of a work 01
Name of part/section of a work HD
Miscellaneous information 14788
942 ## - ADDED ENTRY ELEMENTS (KOHA)
Source of classification or shelving scheme Dewey Decimal Classification
Koha item type Libros
945 ## - INFORMACIÓN DE PROCESAMIENTO LOCAL
Información de procesamiento local Inventariado, 2017/MFF
956 ## - LOCAL ELECTRONIC LOCATION AND ACCESS (OCLC)
Nombre de host SARMENTERO
Número de acceso 10
Información de compresión 20101011
Inicio de sesión BND01
Procesador de solicitud 1109
956 ## - LOCAL ELECTRONIC LOCATION AND ACCESS (OCLC)
Nombre de host VMATEO
Número de acceso 10
Información de compresión 20101012
Inicio de sesión BND01
Procesador de solicitud 1139
956 ## - LOCAL ELECTRONIC LOCATION AND ACCESS (OCLC)
Nombre de host MMOLINA
Número de acceso 40
Información de compresión 20120320
Inicio de sesión BND01
Procesador de solicitud 1425
956 ## - LOCAL ELECTRONIC LOCATION AND ACCESS (OCLC)
Nombre de host VMATEO
Número de acceso 10
Información de compresión 20150623
Inicio de sesión BPMETSU
Procesador de solicitud 00151
Existencias
Withdrawn status Lost status Source of classification or shelving scheme Damaged status Not for loan Collection code Home library Current library Date acquired Total Checkouts Full call number Barcode Date last seen Price effective from Koha item type Copy number
    Dewey Decimal Classification     Colección Dominicana Biblioteca Pública Metropolitana Salomé Ureña Biblioteca Pública Metropolitana Salomé Ureña 06/23/2015   305.8097293 A577i 2007 BPMSU15060129 06/23/2015 06/23/2015 Libros  
    Dewey Decimal Classification     Colección Dominicana Biblioteca Pública Metropolitana Salomé Ureña Biblioteca Pública Metropolitana Salomé Ureña 06/23/2015   305.8097293 A577i 2007 BPMSU15060130 06/23/2015 06/23/2015 Libros e. 2
    Dewey Decimal Classification     Colección Dominicana Biblioteca Pública Metropolitana Salomé Ureña Biblioteca Pública Metropolitana Salomé Ureña 06/23/2015   305.8097293 A577i 2007 BPMSU15060131 06/23/2015 06/23/2015 Libros e. 3